<?xml version="1.0" encoding="UTF-8"?>
<record
    xmlns:xsi="http://www.w3.org/2001/XMLSchema-instance"
    xsi:schemaLocation="http://www.loc.gov/MARC21/slim http://www.loc.gov/standards/marcxml/schema/MARC21slim.xsd"
    xmlns="http://www.loc.gov/MARC21/slim">

  <leader>01624nam a22003137a 4500</leader>
  <controlfield tag="003">OSt</controlfield>
  <controlfield tag="005">20250120125838.0</controlfield>
  <controlfield tag="007">ta</controlfield>
  <controlfield tag="008">210201e2020    dr ||||gr|||| 001 0 spa d</controlfield>
  <datafield tag="020" ind1=" " ind2=" ">
    <subfield code="a">9789945425543</subfield>
  </datafield>
  <datafield tag="020" ind1=" " ind2=" ">
    <subfield code="a">9789945425536 (versi&#xF3;n digital)</subfield>
  </datafield>
  <datafield tag="040" ind1=" " ind2=" ">
    <subfield code="a">DO-SdBNP</subfield>
    <subfield code="b">spa</subfield>
    <subfield code="c">BNPHU</subfield>
  </datafield>
  <datafield tag="041" ind1=" " ind2=" ">
    <subfield code="h">spa</subfield>
  </datafield>
  <datafield tag="082" ind1=" " ind2=" ">
    <subfield code="a">BNPHU-xxx</subfield>
    <subfield code="b">V985i</subfield>
  </datafield>
  <datafield tag="100" ind1=" " ind2=" ">
    <subfield code="a">V&#xE1;squez Correa, Domingo Rafael.</subfield>
    <subfield code="9">77720</subfield>
  </datafield>
  <datafield tag="245" ind1="1" ind2="0">
    <subfield code="a">Interpretaci&#xF3;n constitucional /</subfield>
    <subfield code="c">Herm&#xF3;genes Acosta de los Santos , Domingo Gil.</subfield>
  </datafield>
  <datafield tag="260" ind1=" " ind2=" ">
    <subfield code="a">Santo Domingo :</subfield>
    <subfield code="b">Escuela Nacional de la Judicatura , </subfield>
    <subfield code="c">2020</subfield>
  </datafield>
  <datafield tag="300" ind1=" " ind2=" ">
    <subfield code="a">185 pg. ;</subfield>
    <subfield code="c">22 cm.</subfield>
  </datafield>
  <datafield tag="500" ind1=" " ind2=" ">
    <subfield code="a">Incluye notas al pi&#xE9; de p&#xE1;gina.</subfield>
  </datafield>
  <datafield tag="504" ind1=" " ind2=" ">
    <subfield code="a">Incluye bibliograf&#xED;a, pg. 183-185.</subfield>
  </datafield>
  <datafield tag="505" ind1="1" ind2=" ">
    <subfield code="a">Presentaci&#xF3;n.</subfield>
  </datafield>
  <datafield tag="505" ind1="1" ind2=" ">
    <subfield code="a">Pr&#xF3;logo.</subfield>
  </datafield>
  <datafield tag="505" ind1="1" ind2=" ">
    <subfield code="a">Primera parte : los principios de la interpretaci&#xF3;n constitucional.</subfield>
    <subfield code="t">Cap&#xED;tulo 1 : principio de interpretaci&#xF3;n constitucional.
Cap&#xED;tulo 2 : Estudio de los principios de interpretaci&#xF3;n constitucional.
Cap&#xED;tulo 3 :An&#xE1;lisis particular de los principio se interpretaci&#xF3;n constitucional.
Cap&#xED;tulo 4 : la interpretaci&#xF3;n de la constituci&#xF3;n.
Cap&#xED;tulo 5 : los m&#xE9;todos de interpretaci&#xF3;n.</subfield>
  </datafield>
  <datafield tag="505" ind1="1" ind2=" ">
    <subfield code="a">Tercera parte : l&#xED;mites de la interpretaci&#xF3;n constitucional.</subfield>
    <subfield code="t">Cap&#xED;tulo 6 : la necesidad del establecimiento de l&#xED;mites a la interpretaci&#xF3;n constitucional.
Cap&#xED;tulo 7 : los controles sobre la labor del int&#xE9;rprete constitucional.</subfield>
  </datafield>
  <datafield tag="700" ind1="1" ind2="2">
    <subfield code="a">Acosta de los Santos, Herm&#xF3;genes</subfield>
    <subfield code="9">49375</subfield>
  </datafield>
  <datafield tag="700" ind1="1" ind2="2">
    <subfield code="a">Acosta de los Santos, Herm&#xF3;genes</subfield>
    <subfield code="9">49375</subfield>
  </datafield>
  <datafield tag="700" ind1="1" ind2="2">
    <subfield code="a">Gil, Domingo A.</subfield>
    <subfield code="q">(Domingo Antonio),</subfield>
    <subfield code="d">1953-</subfield>
    <subfield code="9">16473</subfield>
  </datafield>
  <datafield tag="942" ind1=" " ind2=" ">
    <subfield code="2">ddc</subfield>
    <subfield code="c">LBS1</subfield>
  </datafield>
  <datafield tag="952" ind1=" " ind2=" ">
    <subfield code="0">0</subfield>
    <subfield code="1">0</subfield>
    <subfield code="2">ddc</subfield>
    <subfield code="7">1</subfield>
    <subfield code="8">PD</subfield>
    <subfield code="a">BNPHU</subfield>
    <subfield code="b">PD</subfield>
    <subfield code="d">2021-02-03</subfield>
    <subfield code="e">Donado por la Escuela Nacional de la Judicatura</subfield>
    <subfield code="l">0</subfield>
    <subfield code="o">BNPHU-xxx V985i</subfield>
    <subfield code="p">2021-0138</subfield>
    <subfield code="r">2021-02-03</subfield>
    <subfield code="w">2021-02-03</subfield>
    <subfield code="y">LFPD</subfield>
  </datafield>
  <datafield tag="952" ind1=" " ind2=" ">
    <subfield code="0">0</subfield>
    <subfield code="1">0</subfield>
    <subfield code="2">ddc</subfield>
    <subfield code="7">1</subfield>
    <subfield code="8">PD</subfield>
    <subfield code="a">BNPHU</subfield>
    <subfield code="b">PD</subfield>
    <subfield code="c">HD</subfield>
    <subfield code="d">2020-10-14</subfield>
    <subfield code="e">Donado por Escuela Nacional de la Judicatura</subfield>
    <subfield code="l">0</subfield>
    <subfield code="o">BNPHU-xxx V985i</subfield>
    <subfield code="p">2021-0139</subfield>
    <subfield code="r">2021-02-03</subfield>
    <subfield code="t">e.2</subfield>
    <subfield code="w">2021-02-03</subfield>
    <subfield code="y">LFPD</subfield>
  </datafield>
  <datafield tag="999" ind1=" " ind2=" ">
    <subfield code="c">49348</subfield>
    <subfield code="d">49348</subfield>
  </datafield>
</record>
